| 000 | 01215cam a2200337 a 4500 | ||
|---|---|---|---|
| 005 | 20260322212002.0 | ||
| 008 | data | ||
| 010 | _a 98017531 | ||
| 020 | _a0062515551 (pbk.) | ||
| 020 | _a9780062515551 (pbk.) | ||
| 040 |
_aDLC _cDLC _dDLC |
||
| 050 | 0 | 0 |
_aBF175.5.A72 _bP43 1998 |
| 082 | 0 | 0 |
_a150.19/54 _221 |
| 092 | _a150.19 P43 1998 | ||
| 100 | 1 |
_aPearson, Carol, _d1944- |
|
| 245 | 1 | 4 |
_aThe hero within : _bsix archetypes we live by / _cCarol Pearson. |
| 250 | _a3rd ed. | ||
| 260 |
_a[San Francisco] : _bHarperSanFrancisco, _cc1998. |
||
| 300 |
_axxii, 338 p. ; _c21 cm. |
||
| 500 | _a"Newly revised and expanded"--Cover. | ||
| 504 | _aIncludes bibliographical references (p. [327]-329). | ||
| 650 | 0 | _aArchetype (Psychology) | |
| 650 | 0 | _aSelf-actualization (Psychology) | |
| 650 | 0 | _aNew Age movement. | |
| 856 | 4 | 2 |
_3Publisher description _uhttp://www.loc.gov/catdir/description/hc042/98017531.html |
| 906 |
_a7 _bcbc _corignew _d1 _eocip _f19 _gy-gencatlg |
||
| 920 | _a **LC HAS REQ'D # OF SHELF COPIES** | ||
| 991 |
_bc-GenColl _hBF175.5.A72 _iP43 1998 _p00058459331 _tCopy 1 _wBOOKS |
||
| 001 | data | ||
| 999 |
_c5 _d5 |
||